Malanea revolutifolia (Guettardeae: Rubiaceae), una nueva especie del noreste de Brasil (Registro n. 329760)
[ somente texto ]
| 000 -LÍDER | |
|---|---|
| fixed length control field | 02046nab a2200241 i 4500 |
| 003 - CÓDIGO MARC DA AGÊNCIA CATALOGADORA | |
| Campo de controle | BR-BrBNA |
| 005 - DATA E HORA DA ÚLTIMA ATUALIZAÇÃO | |
| Campo de controle | 20250130160752.0 |
| 008 - CAMPO DE TAMANHO FIXO | |
| fixed length control field | 250130b2012 bl.qr|pooa||| 00| 0 spa | |
| 040 ## - FONTE DA CATALOGAÇÃO | |
| Agência catalogadora | BR-BrBNA |
| Idioma da catalogação | spa |
| 072 ## - CATEGORIA AGRIS | |
| Código AGRIS | F70 |
| 100 ## - ENTRADA PRINCIPAL - NOME PESSOAL | |
| Nome pessoal | Amaya, Alix |
| 100 ## - ENTRADA PRINCIPAL - NOME PESSOAL | |
| Nome pessoal | Popovkin, Alex |
| 245 ## - TÍTULO PRINCIPAL | |
| Título principal | Malanea revolutifolia (Guettardeae: Rubiaceae), una nueva especie del noreste de Brasil |
| 500 ## - NOTA GERAL | |
| Nota geral | Publicação on-line; 9 ref.; 2 illus.; Summaries (En, Es) |
| 942 ## - ADDED ENTRY ELEMENTS (KOHA) | |
| Koha item type | Analítica |
| 520 ## - NOTA DE RESUMO | |
| Nota de conteúdo | <br/>Resumen<br/><br/>Se describe e ilustra Malanea revolutifolia, una nueva especie proveniente del bosque atlántico de Brasil, así<br/>mismo se incluye una clave para diferenciar algunas especies de Malanea que crecen en Brasil. M. revolutifolia<br/>es similar a M. forsteronioides y M. microphylla de las cuales se distingue principalmente por presentar hojas<br/>elípticas fuertemente revolutas 2,8–7,5 × 2–3,5 cm, cáliz profundamente dividido, lóbulos 3–4 mm de largo.<br/>Frutos drupas fusiformes a elípticas, pireno 5–7 × 2–2,5 mm.<br/><br/>Palabras-clave: arbusto decumbente, bosque atlántico, Brasil, Malanea, Rubiaceae.<br/><br/><br/><br/>Abstract<br/><br/>Malanea revolutifolia, a new species from the Atlantic forest of northeastern Brazil is described and illustrated,<br/>with a key to differentiate some related Brazilian species. M. revolutifolia is similar to M. forsteronioides and<br/>M. microphylla, but is distinguished by its elliptical, strongly revolute leaves (2.8–7.5 × 2–3.5 cm), a deeply<br/>divided calyx, lobes 4, 3–4 mm long, drupes fusiform to elliptic, pyrenes 2, 5–7 × 2–2.5 mm.<br/><br/>Key words: scandent shrub, Atlantic forest, Brazil, Malanea, Rubiaceae. |
| 650 ## - ASSUNTO - THESAGRO | |
| Cabeçalho tópico ou nome geográfico | ARBUSTO |
| 650 ## - ASSUNTO - THESAGRO | |
| Cabeçalho tópico ou nome geográfico | RUBIACEAE |
| 650 ## - ASSUNTO - THESAGRO | |
| Cabeçalho tópico ou nome geográfico | TAXONOMIA |
| 773 0# - ENTRADA ANALÍTICA | |
| Host Biblionumber | 709 |
| Registro do item | 348179 |
| Imprenta | Rio de Janeiro-RJ Jardim Botanico do Rio de Janeiro 1935 |
| Outro identificador | 2025-0668 |
| Título | Rodriguésia (Brazil) |
| ISSN | 0370-6583; 2175-7860 on-line |
| Colação | v. 63(4) p. 929-932; (2012) |
| Número de controle de registro | BR2024003001 |
| 856 ## - ACESSO E ENDEREÇO ELETRÔNICO | |
| Identificador uniforme de recurso - URI | https://www.scielo.br/j/rod/a/KrfYKX4KfLKyG4LGxgffcZn/?format=pdf&lang=es |
Nenhum exemplar disponível.

BINAGRI